[Event "38th World U20 ch"]
[Site "Yerevan ARM"]
[Date "1999.09.23"]
[Round "6.18"]
[White "Jakupovic, Neven"]
[Black "Pert, Nicholas"]
[Result "0-1"]
[WhiteElo "2263"]
[BlackElo "2425"]
[EventDate "1999.09.18"]
[PlyCount "96"]

1.e4 e6 2.d3 d5 3.Nd2 Nf6 4.Ngf3 Nc6 5.c3 a5 6.b3 e5 7.Be2 Bc5 8.O-O O-O 
9.Bb2 Qe7 10.a3 Rd8 11.b4 dxe4 12.dxe4 Bb6 13.Qc2 axb4 14.axb4 Rxa1 15.
Bxa1 Bg4 16.h3 Bxf3 17.Bxf3 Nb8 18.Nc4 Qe6 19.Qe2 Nbd7 20.Rd1 Ra8 21.h4 h6
22.g3 Qc6 23.Kg2 Qa4 24.g4 Nf8 25.Nxe5 Re8 26.c4 Qxb4 27.g5 hxg5 28.hxg5 
N6h7 29.Bh5 Nxg5 30.f4 Qc5 31.Bd4 Qxd4 32.Rxd4 Bxd4 33.Qg4 Bxe5 34.Qxg5 
Bf6 35.Qd5 g6 36.Bg4 c6 37.Qa5 Rxe4 38.Bc8 Rxc4 39.Bxb7 Rxf4 40.Bxc6 Rf5 
41.Bd5 Nd7 42.Qa8+ Kg7 43.Qc6 Ne5 44.Qb7 Rf4 45.Be4 Nc4 46.Bd5 Ne3+ 47.Kh3
Be5 48.Qe7 Rf5 0-1

[Event "38th World U20 ch"]
[Site "Yerevan ARM"]
[Date "1999.09.23"]
[Round "6.19"]
[White "Bakhtadze, Giorgi"]
[Black "Petrosian, Davit Gevorgi"]
[Result "1-0"]
[WhiteElo "2403"]
[BlackElo "2309"]
[EventDate "1999.09.18"]
[PlyCount "57"]

1.e4 c5 2.Nf3 d6 3.d4 cxd4 4.Qxd4 Nc6 5.Bb5 Bd7 6.Bxc6 Bxc6 7.Nc3 Nf6 8.
Bg5 e6 9.O-O-O Be7 10.Rhe1 O-O 11.Qd2 Qc7 12.Nd4 Rfd8 13.f3 b5 14.Nce2 Be8
15.g4 a5 16.Ng3 Rdc8 17.Kb1 b4 18.Rg1 Qd8 19.h4 Rc5 20.Nh5 Rac8 21.Nxg7 
Nxe4 22.fxe4 Bxg5 23.hxg5 Kxg7 24.Qh2 Qxg5 25.Qxd6 Bb5 26.Rh1 Qe5 27.Qe7 
R8c7 28.Qh4 Kf8 29.Nxb5 1-0

[Event "38th World U20 ch"]
[Site "Yerevan ARM"]
[Date "1999.09.23"]
[Round "6.20"]
[White "De Vreugt, Dennis"]
[Black "Bucinskas, Valdas"]
[Result "1/2-1/2"]
[WhiteElo "2398"]
[BlackElo "2248"]
[EventDate "1999.09.18"]
[PlyCount "72"]

1.e4 c5 2.Nf3 d6 3.d4 cxd4 4.Nxd4 Nf6 5.Nc3 a6 6.Be3 e5 7.Nb3 Be7 8.f3 Be6
9.Qd2 d5 10.exd5 Nxd5 11.Nxd5 Qxd5 12.Qxd5 Bxd5 13.O-O-O Be6 14.Nc5 Bc8 
15.Bc4 O-O 16.Rd2 Nc6 17.Nd7 Rd8 18.Rhd1 b5 19.Nb6 Rb8 20.Nxc8 Rdxc8 21.
Bd5 Kf8 22.Be4 g6 23.g4 Ke8 24.Kb1 Rc7 25.h4 Na5 26.b3 Nc4 27.bxc4 bxc4+ 
28.Ka1 Bb4 29.a4 f5 30.gxf5 gxf5 31.Bxf5 Bc3+ 32.Ka2 Rcb7 33.Rd5 Rb2+ 34.
Ka3 R8b3+ 35.cxb3 Rxb3+ 36.Ka2 Rb2+ 1/2-1/2

[Event "38th World U20 ch"]
[Site "Yerevan ARM"]
[Date "1999.09.23"]
[Round "6.21"]
[White "Smetankin, Stanislav"]
[Black "Benkovic, Petar"]
[Result "1/2-1/2"]
[WhiteElo "2385"]
[BlackElo "2328"]
[EventDate "1999.09.18"]
[PlyCount "87"]

1.e4 e6 2.d4 d5 3.Nd2 dxe4 4.Nxe4 Nd7 5.Nf3 Ngf6 6.Nxf6+ Nxf6 7.Bd3 c5 8.
dxc5 Bxc5 9.Qe2 Qc7 10.Bd2 Bd7 11.O-O Bd6 12.Rfe1 O-O 13.Ne5 Bxe5 14.Qxe5 
Qxe5 15.Rxe5 Bc6 16.f3 Rfd8 17.Bg5 Nd7 18.Ree1 Re8 19.Rad1 Nc5 20.Bf1 Na4 
21.Bc1 Rad8 22.a3 b6 23.b3 Nc3 24.Rxd8 Rxd8 25.Bb2 Nb5 26.Bd3 Nc7 27.Rd1 
Rd7 28.Kf2 f6 29.f4 Kf7 30.g3 h5 31.Be2 g6 32.Rxd7+ Bxd7 33.Bf3 Ne8 34.a4 
Nd6 35.Bc3 Nf5 36.a5 bxa5 37.Bxa5 Nd4 38.Be4 e5 39.fxe5 fxe5 40.Bc7 Kf6 
41.Bd8+ Kf7 42.Bc7 Kf6 43.Ke3 Bf5 44.Bb8 1/2-1/2

[Event "38th World U20 ch"]
[Site "Yerevan ARM"]
[Date "1999.09.23"]
[Round "6.22"]
[White "Arutunian, David"]
[Black "Sargissian, Gabriel"]
[Result "1/2-1/2"]
[WhiteElo "2318"]
[BlackElo "2470"]
[EventDate "1999.09.18"]
[PlyCount "117"]

1.e4 c5 2.Nf3 d6 3.d4 cxd4 4.Nxd4 Nf6 5.Nc3 Nc6 6.Be2 e6 7.O-O Be7 8.Be3 
O-O 9.f4 Bd7 10.Nb3 a6 11.a4 Rc8 12.a5 Qc7 13.g4 Nb4 14.g5 Ne8 15.Rc1 g6 
16.Bb6 Qb8 17.Qd4 Nc6 18.Qf2 Bd8 19.Rcd1 Bxb6 20.Qxb6 Qc7 21.Qxc7 Rxc7 22.
Nb1 f6 23.gxf6 Nxf6 24.N1d2 Ne7 25.c3 Ba4 26.Rde1 Nc6 27.Bc4 d5 28.exd5 
exd5 29.Bd3 Bxb3 30.Nxb3 Re8 31.Rxe8+ Nxe8 32.Rd1 Re7 33.Kf2 Nf6 34.Kf3 
Rf7 35.Rf1 Ne8 36.Kg3 Ng7 37.Be2 Nf5+ 38.Kf2 Nd6 39.Kg1 Nc4 40.Bf3 Ne7 41.
Bg4 Rf6 42.Nc5 Nxa5 43.b4 Nac6 44.Nxb7 d4 45.cxd4 Nxd4 46.Nc5 Nd5 47.Rd1 
Rxf4 48.Be6+ Nxe6 49.Rxd5 Nxc5 50.bxc5 Rc4 51.Rd8+ Kg7 52.Ra8 Rxc5 53.Rxa6
Rc2 54.Ra7+ Kh6 55.Rb7 Re2 56.Ra7 g5 57.h4 g4 58.Ra5 Re6 59.Kg2 1/2-1/2

[Event "38th World U20 ch"]
[Site "Yerevan ARM"]
[Date "1999.09.23"]
[Round "6.24"]
[White "Kidambi, Sundararajan"]
[Black "Kumin, Simon"]
[Result "1-0"]
[WhiteElo "2334"]
[BlackElo "2251"]
[EventDate "1999.09.18"]
[PlyCount "91"]

1.d4 Nf6 2.Nf3 e6 3.Bg5 c5 4.e3 b6 5.d5 exd5 6.Nc3 Be7 7.Nxd5 O-O 8.Bc4 
Bb7 9.Bxf6 Bxf6 10.c3 d6 11.O-O Nd7 12.Qe2 a6 13.a4 Be7 14.Rfd1 Nf6 15.e4 
Nxd5 16.Bxd5 Qc7 17.Qc4 Bxd5 18.Qxd5 Rad8 19.Nd2 h6 20.Nc4 Rfe8 21.Ra3 Rb8
22.f3 Red8 23.Ne3 Bf8 24.Qd3 Ra8 25.Nd5 Qc6 26.Rda1 Rdb8 27.Qc4 Ra7 28.b4 
a5 29.b5 Qb7 30.Rd1 Raa8 31.Ra2 Re8 32.Rad2 Rad8 33.Ne3 Re5 34.Rd5 Rxd5 
35.Qxd5 Qc7 36.Nc4 Be7 37.Rd3 Kf8 38.f4 Kg8 39.Ne3 g6 40.Ng4 Kg7 41.Nxh6 
Bf6 42.Ng4 c4 43.Re3 Be7 44.Qd4+ f6 45.Qd5 Qc5 46.Qe6 1-0

[Event "38th World U20 ch"]
[Site "Yerevan ARM"]
[Date "1999.09.23"]
[Round "6.25"]
[White "Labollita, Martin"]
[Black "Mallahi, Amir"]
[Result "0-1"]
[WhiteElo "2199"]
[BlackElo "2317"]
[EventDate "1999.09.18"]
[PlyCount "54"]

1.d4 d5 2.c4 e6 3.Nc3 c5 4.cxd5 exd5 5.Nf3 Nc6 6.Bg5 Be7 7.Bxe7 Ngxe7 8.
dxc5 Qa5 9.g3 Qxc5 10.Bg2 O-O 11.O-O Bg4 12.Qd2 Rad8 13.Rac1 Qa5 14.a3 
Rfe8 15.Rfd1 d4 16.Ne4 Qf5 17.Nc5 d3 18.Nxb7 Rd7 19.e4 Qh5 20.Nc5 Rd6 21.
Qe3 Nd4 22.Rxd3 Nef5 23.Qe1 Bxf3 24.exf5 Rxe1+ 25.Rxe1 h6 26.Rde3 Bxg2 27.
Kxg2 Qxf5 0-1

[Event "38th World U20 ch"]
[Site "Yerevan ARM"]
[Date "1999.09.23"]
[Round "6.27"]
[White "Dovramadiev, Tikhomir"]
[Black "Guid, Matej"]
[Result "1/2-1/2"]
[WhiteElo "2254"]
[BlackElo "2185"]
[EventDate "1999.09.18"]
[PlyCount "104"]

1.e4 e6 2.d3 d5 3.Nd2 Nf6 4.g3 Be7 5.Bg2 O-O 6.Ngf3 c5 7.O-O Nc6 8.Re1 Qc7
9.c3 b5 10.Nf1 dxe4 11.dxe4 Bb7 12.e5 Nd7 13.Qe2 c4 14.b3 Nb6 15.Bg5 Ba3 
16.Ne3 Ne7 17.Nd4 Bxg2 18.Nxg2 a6 19.Bxe7 Bxe7 20.b4 Nd5 21.Qb2 Nb6 22.a3 
Qb7 23.Qc2 Na4 24.Ne3 Rfc8 25.Rad1 Nb6 26.Rd2 Rd8 27.Red1 Nd5 28.Qe4 Rd7 
29.Nxd5 Qxd5 30.Qxd5 Rxd5 31.Nc6 Rxd2 32.Rxd2 Bf8 33.Rd7 g5 34.Kg2 g4 35.
h3 Bh6 36.hxg4 Bc1 37.Kf3 Bb2 38.Rd2 Bxc3 39.Rc2 Ba1 40.a4 c3 41.axb5 axb5
42.Ke3 Ra6 43.Na5 Ra8 44.Nb3 Bb2 45.Kd4 Rd8+ 46.Ke3 Ba3 47.Rxc3 Bxb4 48.
Rc2 Rd5 49.Ke4 Be1 50.g5 Rd8 51.g4 b4 52.f4 Bc3 1/2-1/2

[Event "38th World U20 ch"]
[Site "Yerevan ARM"]
[Date "1999.09.23"]
[Round "6.29"]
[White "Atakisi, Umut"]
[Black "Korstin, Maris"]
[Result "1-0"]
[WhiteElo "2238"]
[BlackElo "2201"]
[EventDate "1999.09.18"]
[PlyCount "81"]

1.e4 c5 2.Nf3 Nc6 3.d4 cxd4 4.Nxd4 Qc7 5.Nc3 e6 6.Be3 a6 7.Bd3 Nf6 8.O-O 
Be7 9.Qe2 O-O 10.Kh1 d6 11.f4 Bd7 12.Nf3 Rfe8 13.e5 Nd5 14.exd6 Qxd6 15.
Ne5 f5 16.Nc4 Qc7 17.Nxd5 exd5 18.Nb6 Bc5 19.Nxd5 Qd6 20.Qf2 Bxe3 21.Nxe3 
Qc5 22.Nxf5 Qxf2 23.Rxf2 Bxf5 24.Bxf5 Nd4 25.Bd3 Re3 26.a4 Rae8 27.h3 g6 
28.Ra3 Kg7 29.Rc3 R8e7 30.Rc4 Nc6 31.f5 Rf7 32.Rcf4 gxf5 33.Rxf5 Rxf5 34.
Rxf5 h6 35.Rd5 Re7 36.Rd6 Ne5 37.Kg1 h5 38.Kf2 Nxd3+ 39.cxd3 Rc7 40.Kf3 
Re7 41.b4 1-0

[Event "38th World U20 ch"]
[Site "Yerevan ARM"]
[Date "1999.09.23"]
[Round "6.30"]
[White "Aranha Filho, Alvaro Zimmermann"]
[Black "Brulic, Denis"]
[Result "0-1"]
[WhiteElo "2236"]
[BlackElo "2121"]
[EventDate "1999.09.18"]
[PlyCount "68"]

1.d4 Nf6 2.Nf3 e6 3.g3 b6 4.Bg2 Bb7 5.O-O c5 6.c3 Be7 7.Nbd2 O-O 8.a3 d6 
9.Re1 Nbd7 10.e4 e5 11.d5 b5 12.c4 bxc4 13.Nxc4 Ba6 14.Nfd2 Ne8 15.f4 Bf6 
16.f5 Bg5 17.h4 Bh6 18.Ne3 Rb8 19.Nf3 c4 20.g4 Bf4 21.g5 Nc5 22.Bf1 Nxe4 
23.f6 Rb3 24.Nf5 Qb6+ 25.N3d4 Ng3 26.Ne7+ Kh8 27.Bxf4 exf4 28.Kg2 Rxb2+ 
29.Kh3 Nh1 30.Re2 Rxe2 31.Qxe2 Qxd4 32.Bg2 Qxa1 33.Nf5 Qe5 34.Be4 Bc8 0-1

[Event "38th World U20 ch"]
[Site "Yerevan ARM"]
[Date "1999.09.23"]
[Round "6.31"]
[White "Krejci, Jakub"]
[Black "Leskiewicz, Maksymilian"]
[Result "0-1"]
[WhiteElo "2221"]
[BlackElo "2206"]
[EventDate "1999.09.18"]
[PlyCount "55"]

1.e4 c5 2.Nf3 e6 3.d4 cxd4 4.Nxd4 Qb6 5.Nb3 Qc7 6.Bd3 a6 7.O-O Nf6 8.Nc3 
b5 9.a3 Bb7 10.Qe2 d6 11.f4 Nbd7 12.Bd2 Be7 13.Rae1 e5 14.g4 exf4 15.Bxf4 
Ne5 16.g5 Nfd7 17.Nd5 Bxd5 18.exd5 g6 19.Nd4 O-O 20.Nc6 Rae8 21.Be4 Bd8 
22.Qg2 Qc8 23.Kh1 Bb6 24.Bf3 f6 25.gxf6 Rxf6 26.Bg4 Nxg4 27.Qxg4 h5 28.Qg3
0-1

[Event "38th World U20 ch"]
[Site "Yerevan ARM"]
[Date "1999.09.24"]
[Round "7.1"]
[White "Zhang Pengxiang"]
[Black "Galkin, Alexander"]
[Result "0-1"]
[WhiteElo "2462"]
[BlackElo "2535"]
[EventDate "1999.09.18"]
[PlyCount "134"]

1.e4 c6 2.d4 d5 3.exd5 cxd5 4.c4 Nf6 5.Nc3 e6 6.a3 Be7 7.Nf3 O-O 8.Bd3 
dxc4 9.Bxc4 a6 10.O-O b5 11.Ba2 Bb7 12.Bg5 Nbd7 13.Bb1 Re8 14.Qd3 Rc8 15.
Rd1 Qc7 16.Bh4 Red8 17.Ba2 Qb8 18.Qe2 Nb6 19.Bg3 Qa7 20.Ne5 Nbd5 21.Rac1 
Nxc3 22.Rxc3 Qb6 23.Rxc8 Rxc8 24.Bh4 Rd8 25.h3 Rxd4 26.Rxd4 Qxd4 27.Nxf7 
Kxf7 28.Qxe6+ Ke8 29.Qf7+ Kd8 30.Bg3 Bd5 31.Bxd5 Nxd5 32.Qg8+ Kd7 33.Qxh7 
Qf6 34.Qg8 Nb6 35.Qb8 Nc4 36.a4 Qc6 37.axb5 axb5 38.Qf4 Bf6 39.b3 Nb6 40.
h4 Nd5 41.Qd2 Qe6 42.h5 b4 43.Qd3 Bc3 44.Qb5+ Ke7 45.Qb7+ Qd7 46.Bh4+ Ke8 
47.Qa6 Qf5 48.h6 g5 49.Bg3 Kf7 50.Bd6 Qe6 51.h7 Kg6 52.Qd3+ Kg7 53.Bc5 Nf6
54.Bd4 Bxd4 55.Qxd4 Qe7 56.Kf1 Kxh7 57.f3 Kg6 58.Qd3+ Kh6 59.Qd4 Nh5 60.
Qh8+ Kg6 61.Qg8+ Ng7 62.Qd5 Nf5 63.Qg8+ Ng7 64.Qd5 Qe6 65.Qd3+ Kh6 66.g4 
Qe5 67.Qc4 Qd6 0-1

[Event "38th World U20 ch"]
[Site "Yerevan ARM"]
[Date "1999.09.24"]
[Round "7.2"]
[White "Asrian, Karen"]
[Black "Svetuschin, Dumitru"]
[Result "1/2-1/2"]
[WhiteElo "2575"]
[BlackElo "2486"]
[EventDate "1999.09.18"]
[PlyCount "133"]

1.e4 c6 2.d4 d5 3.Nd2 dxe4 4.Nxe4 Nd7 5.Ng5 Ngf6 6.Bd3 e6 7.N1f3 Bd6 8.Qe2
h6 9.Ne4 Nxe4 10.Qxe4 Nf6 11.Qe2 Qc7 12.Bd2 b6 13.O-O-O Bb7 14.Ne5 O-O-O 
15.f4 Rhe8 16.Rhe1 c5 17.dxc5 Bxc5 18.Kb1 Kb8 19.a3 Nd5 20.c4 Nf6 21.Bc3 
Bd4 22.Nxf7 Bxc3 23.Nxd8 Bxe1 24.Nxb7 Bh4 25.g3 Kxb7 26.gxh4 Qxf4 27.Qg2+ 
Kb8 28.Qxg7 Qg4 29.Rg1 Qd4 30.Qg3+ e5 31.Re1 Ka8 32.Bc2 e4 33.Qf4 Qe5 34.
Qxh6 e3 35.Qg5 Ne4 36.Qg2 Kb8 37.Qxe4 Qxe4 38.Bxe4 Rxe4 39.h5 Rxc4 40.Rxe3
Rh4 41.h3 Rxh5 42.Rc3 Kb7 43.Kc2 b5 44.Kd2 a5 45.Ke2 Kb6 46.b3 Rh8 47.Kf2 
b4 48.axb4 axb4 49.Rd3 Kc5 50.Kg2 Rh7 51.Kg3 Rg7+ 52.Kf4 Rf7+ 53.Kg3 Rg7+ 
54.Kh2 Rh7 55.Rd2 Re7 56.Rc2+ Kd5 57.Rd2+ Kc5 58.Rg2 Kd4 59.h4 Kc3 60.Rg3+
Kc2 61.Kh3 Rh7 62.Re3 Kd2 63.Rf3 Kc2 64.Kg4 Rg7+ 65.Kh3 Rh7 66.Kg3 Rh8 67.
Kh3 1/2-1/2

[Event "38th World U20 ch"]
[Site "Yerevan ARM"]
[Date "1999.09.24"]
[Round "7.6"]
[White "Dervishi, Erald"]
[Black "Gaprindashvili, Valerian"]
[Result "1/2-1/2"]
[WhiteElo "2496"]
[BlackElo "2390"]
[EventDate "1999.09.18"]
[PlyCount "79"]

1.e4 c6 2.d4 d5 3.Nc3 dxe4 4.Nxe4 Bf5 5.Ng3 Bg6 6.h4 h6 7.Nf3 Nf6 8.h5 Bh7
9.Bd3 Bxd3 10.Qxd3 e6 11.Bf4 Bd6 12.Bxd6 Qxd6 13.O-O-O Nbd7 14.Kb1 O-O 15.
Ne4 Nxe4 16.Qxe4 Nf6 17.Qe2 Rad8 18.Ne5 c5 19.dxc5 Qxc5 20.g4 Qb4 21.c4 
Qa5 22.f4 Rxd1+ 23.Rxd1 Rd8 24.a3 a6 25.Rd3 Qc7 26.Qd1 Rxd3 27.Qxd3 Ne8 
28.Qd4 Nd6 29.c5 Nb5 30.Qe4 f6 31.Nc4 Qxc5 32.Qxe6+ Kf8 33.Ne3 Nd4 34.Qd7 
b6 35.Qd8+ Kf7 36.Qd7+ Kf8 37.Ka2 Ne2 38.Qd8+ Kf7 39.Qd7+ Kf8 40.Qd8+ 
1/2-1/2

[Event "38th World U20 ch"]
[Site "Yerevan ARM"]
[Date "1999.09.24"]
[Round "7.7"]
[White "Pinski, Jan"]
[Black "Gershon, Alik"]
[Result "0-1"]
[WhiteElo "2444"]
[BlackElo "2492"]
[EventDate "1999.09.18"]
[PlyCount "44"]

1.e4 c5 2.Nf3 d6 3.d4 Nf6 4.Nc3 cxd4 5.Nxd4 Nc6 6.Be3 Ng4 7.Bb5 Nxe3 8.
fxe3 Bd7 9.O-O e6 10.Bxc6 bxc6 11.e5 Be7 12.exd6 Bxd6 13.Qh5 O-O 14.Rad1 
Be8 15.Nxe6 fxe6 16.Rxf8+ Kxf8 17.Qf3+ Kg8 18.Ne4 Bxh2+ 19.Kxh2 Qh4+ 20.
Kg1 Bh5 21.Nf6+ gxf6 22.Qxc6 Re8 0-1

[Event "38th World U20 ch"]
[Site "Yerevan ARM"]
[Date "1999.09.24"]
[Round "7.8"]
[White "Jenni, Florian"]
[Black "Blehm, Pawel"]
[Result "1/2-1/2"]
[WhiteElo "2399"]
[BlackElo "2479"]
[EventDate "1999.09.18"]
[PlyCount "44"]

1.e4 e5 2.Nf3 Nc6 3.Bb5 Nf6 4.O-O Nxe4 5.d4 Be7 6.Qe2 Nd6 7.Bxc6 bxc6 8.
dxe5 Nb7 9.Nc3 O-O 10.Nd4 Bc5 11.Nb3 Bb6 12.Bf4 d5 13.Rad1 Qe7 14.Bg3 a5 
15.Nd4 Nd8 16.Qd2 Bxd4 17.Qxd4 Bf5 18.Qd2 Qb4 19.b3 Ne6 20.Na4 Rfd8 21.f3 
d4 22.c3 dxc3 1/2-1/2

[Event "38th World U20 ch"]
[Site "Yerevan ARM"]
[Date "1999.09.24"]
[Round "7.12"]
[White "Marcelin, Cyril"]
[Black "Mchedlishvili, Mikheil"]
[Result "1/2-1/2"]
[WhiteElo "2395"]
[BlackElo "2441"]
[EventDate "1999.09.18"]
[PlyCount "64"]

1.e4 c5 2.Nf3 Nc6 3.c3 d5 4.exd5 Qxd5 5.d4 Bg4 6.Be2 cxd4 7.cxd4 e6 8.h3 
Bh5 9.Nc3 Qa5 10.Be3 Nf6 11.O-O Bd6 12.a3 O-O 13.Qb3 Rab8 14.Rfd1 Rfd8 15.
Rac1 h6 16.g4 Bg6 17.Nd2 Rd7 18.Nc4 Qd8 19.Nb5 Bf8 20.Ne5 Nxe5 21.dxe5 
Rxd1+ 22.Rxd1 Nd5 23.Bf3 Qh4 24.Bxd5 exd5 25.Bxa7 Rc8 26.Nd4 h5 27.Qg3 
Qxg3+ 28.fxg3 hxg4 29.hxg4 Be4 30.Bb6 g6 31.Kf2 Bg7 32.Ba5 Bxe5 1/2-1/2

[Event "38th World U20 ch"]
[Site "Yerevan ARM"]
[Date "1999.09.24"]
[Round "7.13"]
[White "Halkias, Stelios"]
[Black "Vuckovic, Bojan"]
[Result "1/2-1/2"]
[WhiteElo "2406"]
[BlackElo "2433"]
[EventDate "1999.09.18"]
[PlyCount "69"]

1.d4 Nf6 2.c4 c5 3.d5 b5 4.cxb5 a6 5.e3 axb5 6.Bxb5 Qa5+ 7.Nc3 Bb7 8.e4 
Nxe4 9.Ne2 g6 10.O-O Nxc3 11.Nxc3 Bg7 12.a4 O-O 13.Bg5 Re8 14.Re1 Ba6 15.
Bxe7 Bxc3 16.bxc3 Bxb5 17.Bd6 Rxe1+ 18.Qxe1 Nc6 19.dxc6 Bxc6 20.Qe7 c4 21.
Qf6 Re8 22.h4 Re6 23.Qd4 Re4 24.Qf6 Re6 25.Qd4 Re4 26.Qd2 Re8 27.Re1 Re6 
28.Rxe6 dxe6 29.Bb4 Qd5 30.Qxd5 Bxd5 31.f3 f6 32.Kf2 Kf7 33.Ke3 e5 34.a5 
Bb7 35.g4 1/2-1/2

[Event "38th World U20 ch"]
[Site "Yerevan ARM"]
[Date "1999.09.24"]
[Round "7.15"]
[White "De Vreugt, Dennis"]
[Black "Starostits, Ilmars"]
[Result "1-0"]
[WhiteElo "2398"]
[BlackElo "2358"]
[EventDate "1999.09.18"]
[PlyCount "111"]

1.e4 c5 2.Nf3 d6 3.d4 cxd4 4.Nxd4 Nf6 5.Nc3 g6 6.Be2 Bg7 7.O-O O-O 8.Re1 
Nc6 9.Nb3 Be6 10.Bg5 Rc8 11.Bf1 h6 12.Bh4 Nh5 13.Rb1 Nf4 14.Nd5 g5 15.Nxf4
gxf4 16.Qd2 Be5 17.f3 Kh7 18.Bf2 Rg8 19.Rbd1 Rg5 20.Kh1 Qh8 21.c3 Rcg8 22.
Nd4 Qg7 23.Nxe6 fxe6 24.Bg1 Rh5 25.Bc4 Qf6 26.Re2 Rg6 27.Bb5 Bxc3 28.bxc3 
Rxb5 29.c4 Rbg5 30.Qc2 b6 31.Qa4 Ne5 32.Bd4 Rh5 33.Bxe5 Qh4 34.g4 Rxe5 35.
Qxa7 h5 36.gxh5 Qxh5 37.Rf2 Rg7 38.Qxb6 Reg5 39.Rdf1 Qh3 40.Qb2 d5 41.cxd5
exd5 42.exd5 Rxd5 43.Qb1+ Rf5 44.a4 Kh6 45.a5 Rg6 46.Qa1 e5 47.a6 Rfg5 48.
Qa2 Qc8 49.Ra1 e4 50.fxe4 Qg4 51.Qb1 Qh3 52.Qb2 Qc8 53.Rxf4 Kh5 54.a7 Rg8 
55.Qe2+ Kh6 56.Rh4+ 1-0

[Event "38th World U20 ch"]
[Site "Yerevan ARM"]
[Date "1999.09.24"]
[Round "7.16"]
[White "Benkovic, Petar"]
[Black "Matikozian, Andranik"]
[Result "0-1"]
[WhiteElo "2328"]
[BlackElo "2427"]
[EventDate "1999.09.18"]
[PlyCount "60"]

1.Nf3 Nf6 2.g3 g6 3.b3 Bg7 4.Bb2 O-O 5.Bg2 d6 6.d4 c6 7.O-O Qa5 8.Nbd2 Qh5
9.Re1 Bh3 10.Bh1 Ng4 11.e4 c5 12.c3 cxd4 13.cxd4 Nc6 14.Qe2 Nb4 15.Rec1 
Bh6 16.Rc7 Rac8 17.Rxc8 Rxc8 18.Ne1 e5 19.Nc4 Bf1 20.Qxg4 Qxg4 21.Kxf1 
exd4 22.Nxd6 Rc2 23.Bf3 Qh3+ 24.Bg2 Qe6 25.Nc4 b5 26.Nxc2 Nxc2 27.Na3 Nxa1
28.Bxa1 Qd6 29.Bb2 d3 30.Ke1 Qb4+ 0-1

[Event "38th World U20 ch"]
[Site "Yerevan ARM"]
[Date "1999.09.24"]
[Round "7.17"]
[White "Kidambi, Sundararajan"]
[Black "Williams, Simon"]
[Result "1-0"]
[WhiteElo "2334"]
[BlackElo "2421"]
[EventDate "1999.09.18"]
[PlyCount "95"]

1.d4 e6 2.c4 f5 3.g3 Nf6 4.Bg2 Be7 5.Nc3 O-O 6.Nf3 d6 7.O-O a5 8.b3 Ne4 9.
Bb2 Nxc3 10.Bxc3 Nd7 11.Qc2 Qe8 12.a3 Qh5 13.b4 g5 14.Ne1 a4 15.Nd3 Rf6 
16.f3 f4 17.Nf2 Nb6 18.Bb2 d5 19.cxd5 Nxd5 20.Ng4 Rf8 21.e4 fxe3 22.Rae1 
Bd6 23.Nxe3 Bd7 24.Nc4 Qh6 25.Ne5 Bb5 26.Rf2 Rae8 27.Nd3 b6 28.Ne5 Rf5 29.
Ng4 Qg7 30.Rxe6 Rxe6 31.Qxf5 Re1+ 32.Rf1 Bxf1 33.Qxd5+ Kf8 34.Bxf1 Qg6 35.
Ne5 Bxe5 36.dxe5 Qb1 37.Qd8+ Kf7 38.Qxc7+ Ke8 39.Qc6+ Ke7 40.Qd6+ Ke8 41.
Qe6+ Kf8 42.Qf6+ Ke8 43.Qh8+ Kf7 44.e6+ Kxe6 45.Qe8+ Kd6 46.Qd8+ Ke6 47.
Qxb6+ Ke7 48.Qc5+ 1-0

[Event "38th World U20 ch"]
[Site "Yerevan ARM"]
[Date "1999.09.24"]
[Round "7.18"]
[White "Mallahi, Amir"]
[Black "Smetankin, Stanislav"]
[Result "0-1"]
[WhiteElo "2317"]
[BlackElo "2385"]
[EventDate "1999.09.18"]
[PlyCount "80"]

1.e4 c5 2.Nf3 d6 3.d4 cxd4 4.Nxd4 Nf6 5.Nc3 Nc6 6.f4 e5 7.Nf3 Be7 8.Bd3 
O-O 9.O-O exf4 10.Bxf4 Qb6+ 11.Kh1 Qxb2 12.Nd5 Nxd5 13.exd5 Ne5 14.Rb1 Qc3
15.Bxe5 dxe5 16.d6 Bf6 17.Nd2 Bd8 18.Bc4 Qd4 19.Qh5 g6 20.Qh6 Qh4 21.Qxh4 
Bxh4 22.Rb5 Bf5 23.Rxb7 Rad8 24.g4 Bxg4 25.Rfxf7 Rxf7 26.Bxf7+ Kf8 27.Bd5 
Rxd6 28.c4 Rf6 29.Ne4 Rf4 30.Ng3 e4 31.Rxh7 Bf3+ 32.Kg1 Bf6 33.Kf2 Bd4+ 
34.Ke1 Bc3+ 35.Kf1 Bg4+ 36.Kg2 e3 37.Rh4 Bf3+ 38.Bxf3 Rxh4 39.Bd5 Be5 40.
a4 Rxh2+ 0-1

[Event "38th World U20 ch"]
[Site "Yerevan ARM"]
[Date "1999.09.24"]
[Round "7.19"]
[White "Bucinskas, Valdas"]
[Black "Berg, Emanuel"]
[Result "1/2-1/2"]
[WhiteElo "2248"]
[BlackElo "2348"]
[EventDate "1999.09.18"]
[PlyCount "70"]

1.e4 e6 2.d4 d5 3.Nc3 Bb4 4.e5 c5 5.Bd2 Ne7 6.f4 Nf5 7.Nf3 Nc6 8.dxc5 Bxc5
9.Bd3 Nh4 10.Nxh4 Qxh4+ 11.g3 Qd8 12.a3 a6 13.Qg4 g6 14.h4 h5 15.Qf3 b5 
16.Be3 Qb6 17.Bxc5 Qxc5 18.Qf2 Qxf2+ 19.Kxf2 Bd7 20.Ne2 b4 21.Ke3 Ke7 22.
axb4 Nxb4 23.Nd4 a5 24.c3 Nc6 25.Ra2 Nxd4 26.Kxd4 a4 27.Bc2 Rhc8 28.Rd1 
Rab8 29.Ke3 Rc7 30.Rd4 Rcb7 31.Bxa4 Bxa4 32.Rdxa4 Rxb2 33.Rxb2 Rxb2 34.c4 
Rb3+ 35.Kf2 dxc4 1/2-1/2

[Event "38th World U20 ch"]
[Site "Yerevan ARM"]
[Date "1999.09.24"]
[Round "7.21"]
[White "Peralta, Fernando"]
[Black "Rizouk, Aimen"]
[Result "1/2-1/2"]
[WhiteElo "2433"]
[BlackElo "2312"]
[EventDate "1999.09.18"]
[PlyCount "55"]

1.d4 Nf6 2.c4 e6 3.Nc3 d5 4.cxd5 exd5 5.Bg5 Be7 6.e3 Nbd7 7.Bd3 Nf8 8.Qc2 
Ne6 9.Bxf6 Bxf6 10.Nf3 g6 11.O-O O-O 12.b4 c6 13.Rfe1 Qd6 14.Rab1 Bd7 15.
a4 a5 16.bxa5 Rfb8 17.Nd2 Rxa5 18.Nb3 Raa8 19.a5 Bd8 20.Ra1 Bc7 21.g3 Rc8 
22.h4 Bd8 23.e4 Qb4 24.Na2 Qf8 25.Nc3 Qb4 26.Na2 Qf8 27.Nc3 Qb4 28.Na2 
1/2-1/2

[Event "38th World U20 ch"]
[Site "Yerevan ARM"]
[Date "1999.09.24"]
[Round "7.22"]
[White "Sargissian, Gabriel"]
[Black "Dovramadiev, Tikhomir"]
[Result "1/2-1/2"]
[WhiteElo "2470"]
[BlackElo "2254"]
[EventDate "1999.09.18"]
[PlyCount "70"]

1.e4 c5 2.d3 Nc6 3.f4 g6 4.g3 Bg7 5.Bg2 e6 6.Nf3 Nge7 7.O-O O-O 8.c3 d6 9.
Be3 b6 10.Bf2 Bb7 11.Na3 Rc8 12.Nc2 Qc7 13.Ne3 Rfd8 14.f5 exf5 15.exf5 d5 
16.d4 cxd4 17.Nxd4 Nxd4 18.cxd4 Ba6 19.Re1 gxf5 20.Bh3 Qd7 21.Qf3 Bd3 22.
Nxd5 Be4 23.Nxe7+ Qxe7 24.Bxf5 Bxf3 25.Rxe7 Rc4 26.Rxa7 Bxd4 27.Bxd4 Rcxd4
28.Bxh7+ Kg7 29.Rf1 Bd5 30.Bc2 Rd2 31.Rf2 Bxa2 32.Rc7 Rxf2 33.Kxf2 Rd2+ 
34.Ke3 Rxh2 35.g4 Bb3 1/2-1/2

[Event "38th World U20 ch"]
[Site "Yerevan ARM"]
[Date "1999.09.24"]
[Round "7.26"]
[White "Petrosian, Davit Gevorgi"]
[Black "Atakisi, Umut"]
[Result "1/2-1/2"]
[WhiteElo "2309"]
[BlackElo "2238"]
[EventDate "1999.09.18"]
[PlyCount "120"]

1.e4 c5 2.Nf3 d6 3.d4 cxd4 4.Nxd4 Nf6 5.Nc3 Nc6 6.Bc4 Qb6 7.Nb3 e6 8.Bf4 
Ne5 9.Be2 Bd7 10.g4 Bc6 11.f3 Ng6 12.Bg3 Rd8 13.Bf2 Qc7 14.Nb5 Bxb5 15.
Bxb5+ Nd7 16.Qd2 a6 17.Bxd7+ Rxd7 18.O-O-O Ne5 19.Qe2 Be7 20.f4 Qc4 21.
Qxc4 Nxc4 22.Nd2 Nxd2 23.Rxd2 Rc7 24.Rhd1 Rc4 25.Rd4 Rxd4 26.Rxd4 h5 27.h3
hxg4 28.hxg4 Rh2 29.Be3 Rh4 30.a4 Kd7 31.g5 Kc7 32.Kd1 e5 33.Rc4+ Kd7 34.
fxe5 dxe5 35.Bb6 Bd6 36.Ke2 Rh5 37.g6 fxg6 38.Bc5 Rh2+ 39.Kf1 Rh4 40.Bxd6 
Kxd6 41.a5 Rf4+ 42.Kg2 Rf6 43.Kg3 Rf4 44.Kg2 Rf7 45.Kg3 Rc7 46.Rxc7 Kxc7 
47.Kg4 Kc6 48.b3 Kb5 49.Kg5 Kb4 50.Kxg6 Kc3 51.Kf5 Kd4 52.c3+ Kd3 53.Kxe5 
g5 54.c4 g4 55.Kf4 g3 56.Kxg3 Kxe4 57.b4 Kd4 58.b5 Kxc4 59.bxa6 bxa6 60.
Kf2 Kb5 1/2-1/2

[Event "38th World U20 ch"]
[Site "Yerevan ARM"]
[Date "1999.09.24"]
[Round "7.27"]
[White "Brulic, Denis"]
[Black "Jakupovic, Neven"]
[Result "1/2-1/2"]
[WhiteElo "2121"]
[BlackElo "2263"]
[EventDate "1999.09.18"]
[PlyCount "45"]

1.e4 c6 2.d4 d5 3.Nd2 Qb6 4.c3 dxe4 5.Nxe4 Bf5 6.Bd3 Bxe4 7.Bxe4 Nf6 8.Bc2
Nbd7 9.Nf3 e6 10.O-O c5 11.Re1 Be7 12.Bb3 Qd6 13.Bg5 O-O 14.d5 e5 15.Qe2 
Bd8 16.Nd2 Nxd5 17.Nc4 Qg6 18.Bxd8 Nf4 19.Qf3 Raxd8 20.Nxe5 Nxe5 21.Rxe5 
Nd3 22.Re7 Nxb2 23.Qe2 1/2-1/2

[Event "38th World U20 ch"]
[Site "Yerevan ARM"]
[Date "1999.09.24"]
[Round "7.28"]
[White "Hansen, Torbjorn Ringdal"]
[Black "Labollita, Martin"]
[Result "1-0"]
[WhiteElo "2259"]
[BlackElo "2199"]
[EventDate "1999.09.18"]
[PlyCount "75"]

1.c4 c5 2.Nc3 Nc6 3.g3 g6 4.Bg2 Bg7 5.Nf3 Nf6 6.O-O O-O 7.d4 d6 8.d5 Na5 
9.Nd2 Bd7 10.e4 a6 11.Qe2 Rb8 12.a4 e5 13.dxe6 Bxe6 14.b3 Nd7 15.Bb2 Re8 
16.h3 d5 17.cxd5 Bxd5 18.Nxd5 Bxb2 19.Rab1 Bg7 20.Rfc1 Nc6 21.Nc4 Nd4 22.
Qf1 b5 23.Nce3 bxa4 24.bxa4 Qa5 25.Qd1 Rxb1 26.Rxb1 Rb8 27.Rxb8+ Nxb8 28.
Nc4 Qd8 29.Qb1 Ne6 30.e5 Nc6 31.f4 Nb4 32.Nd6 Bf8 33.Nf6+ Kg7 34.Nfe8+ Kg8
35.f5 Nc7 36.Qb3 Qe7 37.e6 fxe6 38.f6 1-0